Subsidios para a historia da India portugueza / (Record no. 185559)
[ view plain ]
| 000 -LEADER | |
|---|---|
| campo de control de longitud fija | 01270nam a2200229 i 4500 |
| 001 - NÚMERO DE CONTROL | |
| campo de control | 185559 |
| 003 - IDENTIFICADOR DE NÚMERO DE CONTROL | |
| campo de control | ES-MaACL |
| 005 - FECHA Y HORA DE LA ÚLTIMA TRANSACCIÓN | |
| campo de control | 20250815032628.0 |
| 008 - DATOS DE LONGITUD FIJA--INFORMACIÓN GENERAL | |
| campo de control de longitud fija | 160712s1868 po |||| | por d |
| 245 00 - MENCIÓN DEL TÍTULO | |
| Título | Subsidios para a historia da India portugueza / |
| Mención de responsabilidad, etc. | publicados de ordem da Classe das Sciencias Moraes, Politicas e Bellas-lettras da Academia Real das Sciencias de Lisboa. |
| 260 ## - PUBLICACIÓN, DISTRIBUCIÓN, ETC. | |
| Lugar de publicación, distribución, etc. | Lisboa : |
| Nombre del editor, distribuidor, etc. | [s.n.], |
| Fecha de publicación, distribución, etc. | 1868 ( |
| Fabricante | Typographia da Academia Real das Sciencias de Lisboa) |
| 300 ## - DESCRIPCIÓN FÍSICA | |
| Extensión | 1 v. (pag. var.) ; |
| Dimensiones | 28 cm. |
| 490 1# - MENCIÓN DE SERIE | |
| Mención de serie | Collecçao de monumentos ineditos para a historia das conquistas dos portuguezes em Africa, Asia e America ; |
| Designación de volumen o secuencia | t. 5. 1ª Serie. Historia de Asia |
| 505 8# - NOTA DE CONTENIDO CON FORMATO | |
| Nota de contenido con formato | Contiene: O livro dos pesos, medidas e moedas / por Antonio Nunes. O tombo do Estado da India /por Simao Botelho. Lembranças das cousas da India em 1525 |
| 651 #4 - PUNTO DE ACCESO ADICIONAL DE MATERIA--NOMBRE GEOGRÁFICO | |
| Nombre geográfico | Goa, Daman y Diu- |
| Subdivisión general | Historia. |
| 9 (RLIN) | 165055 |
| 700 1# - ENTRADA AGREGADA--NOMBRE PERSONAL | |
| Nombre de persona | Nunes, Antonio. |
| 9 (RLIN) | 160138 |
| 700 1# - ENTRADA AGREGADA--NOMBRE PERSONAL | |
| Nombre de persona | Botelho, Simão. |
| 9 (RLIN) | 160139 |
| 710 2# - ENTRADA AGREGADA--NOMBRE DE ENTIDAD CORPORATIVA | |
| Nombre de entidad corporativa o nombre de jurisdicción como elemento de entrada | Academia das Ciências de Lisboa. |
| 9 (RLIN) | 1159 |
| 830 00 - PUNTO DE ACCESO ADICIONAL DE SERIE-TÍTULO UNIFORME | |
| Título uniforme | Collecçao de monumentos ineditos para a historia das conquistas dos portuguezes em Africa, Asia e America |
| Designación de volumen o secuencia | t. 5. 1ª Serie. Historia de Asia |
| 9 (RLIN) | 241782 |
| 852 ## - LOCALIZACIÓN | |
| Ubicación | ES-MaACL |
| Número de control de estantería | G-6761 |
| Estatus retirado | Estado de pérdida | Estado de daño | No para préstamo | Colección | Biblioteca de origen | Biblioteca actual | Ubicación en estantería | Fecha de adquisición | Fuente de adquisición | Total de préstamos | Signatura topográfica completa | Código de barras | Visto por última vez | Precio de reemplazo | Tipo de ítem Koha |
|---|---|---|---|---|---|---|---|---|---|---|---|---|---|---|---|
| Libros del s. XIX | Biblioteca del Ateneo de Madrid | Biblioteca del Ateneo de Madrid | Depósito 2 | 12/07/2016 | G-6761 | 1195574 | 23/02/2023 | 23/02/2023 | Libro impreso antiguo |
